[Event "Silkway Cup"]
[Site "T#646345FIDE"]
[Date "2020.05.28"]
[Round "11"]
[White "Atesh"]
[Black "Ahmadzada"]
[Result "0-1"]
[WhiteElo "1715"]
[BlackElo "1931"]
[Annotator "NA"]
[PlyCount "118"]
[EventDate "2020.05.28"]
[EventType "swiss (blitz)"]

1. Nf3 {[%emt 0:00:04]} Nf6 {[%emt 0:00:01]} 2. c4 {[%emt 0:00:01]} g6 {[%emt 0:00:03]} 3. Nc3 {[%emt 0:00:02]} Bg7 {[%emt 0:00:01]} 4. d4 {[%emt 0:00:01]} d6 {[%emt 0:00:01]} 5. e4 {[%emt 0:00:01]} O-O {[%emt 0:00:01]} 6. Be2 {[%emt 0:00:02]} c5 {[%emt 0:00:01]} 7. O-O {[%emt 0:00:17]} cxd4 {[%emt 0:00:01]} 8. Nxd4 {[%emt 0:00:01]} Nc6 {[%emt 0:00:00]} 9. Be3 {[%emt 0:00:01]} Bd7 {[%emt 0:00:02]} 10. Qd2 {[%emt 0:00:03]} Nxd4 {[%emt 0:00:01]} 11. Bxd4 {[%emt 0:00:01]} Bc6 {[%emt 0:00:00]} 12. f3 {[%emt 0:00:01]} a5 {[%emt 0:00:02]} 13. b3 {[%emt 0:00:02]} Nd7 {[%emt 0:00:01]} 14. Be3 {[%emt 0:00:01]} Nc5 {[%emt 0:00:01]} 15. Rab1 {[%emt 0:00:07]} e6 {[%emt 0:00:04]} 16. Rfd1 {[%emt 0:00:37]} Be5 {[%emt 0:00:02]} 17. Bd4 {[%emt 0:00:04]} Qe7 {[%emt 0:00:22]} 18. Qe3 {[%emt 0:00:02]} b6 {[%emt 0:00:20]} 19. Rd2 {[%emt 0:00:03]} Rad8 {[%emt 0:00:08]} 20. Rbd1 {[%emt 0:00:02]} Qf6 {[%emt 0:00:14]} 21. g3 {[%emt 0:00:03]} Qe7 {[%emt 0:00:10]} 22. Bf1 {[%emt 0:00:03]} f5 {[%emt 0:00:16]} 23. exf5 {[%emt 0:00:05]} Bxd4 {[%emt 0:00:07]} 24. Rxd4 {[%emt 0:00:12]} Rxf5 {[%emt 0:00:02]} 25. f4 {[%emt 0:00:07]} e5 {[%emt 0:00:10]} 26. Bh3 {[%emt 0:00:29]} Qf6 {[%emt 0:00:21]} 27. fxe5 {[%emt 0:00:19]} Rxe5 {[%emt 0:00:02]} 28. Qf4 {[%emt 0:00:31]} Qe7 {[%emt 0:00:04]} 29. Nd5 {[%emt 0:00:05]} Bxd5 {[%emt 0:00:07]} 30. Rxd5 {[%emt 0:00:01]} Rxd5 {[%emt 0:00:19]} 31. cxd5 {[%emt 0:00:04]} Rf8 {[%emt 0:00:02]} 32. Qd2 {[%emt 0:00:09]} b5 {[%emt 0:00:21]} 33. Re1 {[%emt 0:00:02]} Qg7 {[%emt 0:00:05]} 34. Be6+ {[%emt 0:00:09]} Kh8 {[%emt 0:00:01]} 35. Kg2 {[%emt 0:00:04]} Qf6 {[%emt 0:00:05]} 36. Qe2 {[%emt 0:00:05]} Kg7 {[%emt 0:00:03]} 37. h4 {[%emt 0:00:02]} b4 {[%emt 0:00:05]} 38. Qe3 {[%emt 0:00:06]} h6 {[%emt 0:00:10]} 39. Kh3 {[%emt 0:00:03]} Qb2 {[%emt 0:00:08]} 40. Bg4 {[%emt 0:00:02]} Qf6 {[%emt 0:00:13]} 41. Qe7+ {[%emt 0:00:02]} Qxe7 {[%emt 0:00:01]} 42. Rxe7+ {[%emt 0:00:00]} Rf7 {[%emt 0:00:00]} 43. Re8 {[%emt 0:00:01]} Rf2 {[%emt 0:00:02]} 44. Rd8 {[%emt 0:00:03]} h5 {[%emt 0:00:02]} 45. Be6 {[%emt 0:00:02]} Rxa2 {[%emt 0:00:02]} 46. Rxd6 {[%emt 0:00:01]} Nxb3 {[%emt 0:00:02]} 47. Rd7+ {[%emt 0:00:01]} Kf6 {[%emt 0:00:02]} 48. Rf7+ {[%emt 0:00:03]} Ke5 {[%emt 0:00:01]} 49. Rf1 {[%emt 0:00:01]} Nd4 {[%emt 0:00:02]} 50. Bf7 {[%emt 0:00:01]} Kd6 {[%emt 0:00:02]} 51. Rf6+ {[%emt 0:00:02]} Ke7 {[%emt 0:00:03]} 52. Rf4 {[%emt 0:00:01]} Rd2 {[%emt 0:00:03]} 53. Bxg6 {[%emt 0:00:01]} b3 {[%emt 0:00:01]} 54. Bxh5 {[%emt 0:00:02]} b2 {[%emt 0:00:02]} 55. Rf1 {[%emt 0:00:01]} a4 {[%emt 0:00:03]} 56. Bg6 {[%emt 0:00:01]} a3 {[%emt 0:00:01]} 57. Bb1 {[%emt 0:00:01]} Nb5 {[%emt 0:00:01]} 58. Rf3 {[%emt 0:00:02]} Rd1 {[%emt 0:00:03]} 59. Bc2 {[%emt 0:00:02]} b1=Q {[%emt 0:00:04] Atesh resigns (Lag: Av=0.61s, max=1.1s)} 0-1

[Event "Silkway Cup"]
[Site "T#646345FIDE"]
[Date "2020.05.28"]
[Round "11"]
[White "S-melia"]
[Black "Sandrika"]
[Result "0-1"]
[WhiteElo "1714"]
[BlackElo "1626"]
[Annotator "NA"]
[PlyCount "70"]
[EventDate "2020.05.28"]
[EventType "swiss (blitz)"]

1. e4 {[%emt 0:00:04]} d6 {[%emt 0:00:01]} 2. d4 {[%emt 0:00:02]} Nf6 {[%emt 0:00:01]} 3. Nc3 {[%emt 0:00:02]} g6 {[%emt 0:00:01]} 4. Nf3 {[%emt 0:00:03]} c6 {[%emt 0:00:02]} 5. Be2 {[%emt 0:00:06]} Bg7 {[%emt 0:00:03]} 6. O-O {[%emt 0:00:01]} O-O {[%emt 0:00:01]} 7. a4 {[%emt 0:00:03]} a5 {[%emt 0:00:07]} 8. Re1 {[%emt 0:00:02]} Na6 {[%emt 0:00:11]} 9. h3 {[%emt 0:00:03]} Nb4 {[%emt 0:00:04]} 10. Bf1 {[%emt 0:00:26]} Nd7 {[%emt 0:00:09]} 11. Nb1 {[%emt 0:00:03]} e5 {[%emt 0:00:09]} 12. c3 {[%emt 0:00:03]} Na6 {[%emt 0:00:01]} 13. Na3 {[%emt 0:00:09]} Qe7 {[%emt 0:00:12]} 14. Bg5 {[%emt 0:00:12]} f6 {[%emt 0:00:07]} 15. Bd2 {[%emt 0:00:13]} Nc7 {[%emt 0:00:04]} 16. Nc4 {[%emt 0:00:17]} d5 {[%emt 0:00:16]} 17. exd5 {[%emt 0:00:02]} cxd5 {[%emt 0:00:01]} 18. Na3 {[%emt 0:00:12]} e4 {[%emt 0:00:02]} 19. Nh2 {[%emt 0:00:14]} f5 {[%emt 0:00:02]} 20. Nb5 {[%emt 0:00:09]} Nxb5 {[%emt 0:00:03]} 21. Bxb5 {[%emt 0:00:05]} f4 {[%emt 0:00:19]} 22. Qb3 {[%emt 0:00:04]} Qf7 {[%emt 0:00:08]} 23. Ng4 {[%emt 0:00:30]} h5 {[%emt 0:00:04]} 24. Bxd7 {[%emt 0:00:08]} Bxd7 {[%emt 0:00:09]} 25. Ne5 {[%emt 0:00:01]} Bxe5 {[%emt 0:00:01]} 26. dxe5 {[%emt 0:00:00]} Be6 {[%emt 0:00:02]} 27. Qb6 {[%emt 0:00:06]} Rae8 {[%emt 0:00:03]} 28. Kh2 {[%emt 0:00:17]} Qf5 {[%emt 0:00:03]} 29. Rad1 {[%emt 0:00:14]} Rf7 {[%emt 0:00:08]} 30. Rg1 {[%emt 0:00:03]} g5 {[%emt 0:00:04]} 31. Bc1 {[%emt 0:00:02]} g4 {[%emt 0:00:05]} 32. b4 {[%emt 0:00:05]} axb4 {[%emt 0:00:05]} 33. cxb4 {[%emt 0:00:01]} Rg7 {[%emt 0:00:01]} 34. a5 {[%emt 0:00:03]} g3+ {[%emt 0:00:13]} 35. fxg3 {[%emt 0:00:02]} Rxg3 {[%emt 0:00:01] Time (Lag: Av=0.49s, max=0.8s) .} 0-1

[Event "Silkway Cup"]
[Site "T#646345FIDE"]
[Date "2020.05.28"]
[Round "11"]
[White "AbdullaKh"]
[Black "Niadongh"]
[Result "0-1"]
[WhiteElo "1573"]
[BlackElo "1450"]
[Annotator "NA"]
[PlyCount "70"]
[EventDate "2020.05.28"]
[EventType "swiss (blitz)"]

1. e4 {[%emt 0:00:03]} c5 {[%emt 0:00:01]} 2. c3 {[%emt 0:00:01]} d5 {[%emt 0:00:02]} 3. exd5 {[%emt 0:00:01]} Qxd5 {[%emt 0:00:02]} 4. d4 {[%emt 0:00:00]} Nf6 {[%emt 0:00:08]} 5. Nf3 {[%emt 0:00:01]} Bg4 {[%emt 0:00:04]} 6. Nbd2 {[%emt 0:00:01]} e6 {[%emt 0:00:07]} 7. Bc4 {[%emt 0:00:10]} Qd6 {[%emt 0:00:15]} 8. Qa4+ {[%emt 0:00:31]} Nbd7 {[%emt 0:01:16]} 9. Ne5 {[%emt 0:00:17]} cxd4 {[%emt 0:00:08]} 10. Nxd7 {[%emt 0:00:31]} Nxd7 {[%emt 0:00:12]} 11. cxd4 {[%emt 0:00:37]} Be7 {[%emt 0:00:13]} 12. Bb5 {[%emt 0:00:15]} e5 {[%emt 0:00:27]} 13. d5 {[%emt 0:00:39]} O-O {[%emt 0:00:09]} 14. O-O {[%emt 0:00:11]} Bf5 {[%emt 0:00:05]} 15. Ne4 {[%emt 0:00:07]} Qxd5 {[%emt 0:00:09]} 16. Nc3 {[%emt 0:00:01]} Qe6 {[%emt 0:00:03]} 17. Rd1 {[%emt 0:00:00]} Nb6 {[%emt 0:00:01]} 18. Qb3 {[%emt 0:00:03]} Qg6 {[%emt 0:00:02]} 19. Be3 {[%emt 0:00:02]} Bf6 {[%emt 0:00:04]} 20. Ne2 {[%emt 0:00:02]} Bh3 {[%emt 0:00:02]} 21. Ng3 {[%emt 0:00:01]} Bg4 {[%emt 0:00:01]} 22. Bd3 {[%emt 0:00:01]} e4 {[%emt 0:00:07]} 23. Bxe4 {[%emt 0:00:02]} Bxd1 {[%emt 0:00:04]} 24. Bxg6 {[%emt 0:00:02]} Bxb3 {[%emt 0:00:02]} 25. Bxh7+ {[%emt 0:00:00]} Kxh7 {[%emt 0:00:01]} 26. axb3 {[%emt 0:00:00]} Nd5 {[%emt 0:00:01]} 27. Ne4 {[%emt 0:00:01]} Nxe3 {[%emt 0:00:01]} 28. Nxf6+ {[%emt 0:00:00]} gxf6 {[%emt 0:00:01]} 29. fxe3 {[%emt 0:00:00]} Rfe8 {[%emt 0:00:01]} 30. Kf2 {[%emt 0:00:02]} Re4 {[%emt 0:00:01]} 31. Kf3 {[%emt 0:00:01]} Rb4 {[%emt 0:00:00]} 32. Ra3 {[%emt 0:00:01]} a5 {[%emt 0:00:01]} 33. e4 {[%emt 0:00:00]} b6 {[%emt 0:00:01]} 34. Ke3 {[%emt 0:00:02]} Re8 {[%emt 0:00:01]} 35. Kf3 {[%emt 0:00:00]} Rexe4 {[%emt 0:00:00] AbdullaKh resigns (Lag: Av=0.44s, max=2.8s)} 0-1

[Event "Silkway Cup"]
[Site "T#646345FIDE"]
[Date "2020.05.28"]
[Round "11"]
[White "Ati1517"]
[Black "Ninullia"]
[Result "1/2-1/2"]
[WhiteElo "1535"]
[BlackElo "1682"]
[Annotator "NA"]
[PlyCount "161"]
[EventDate "2020.05.28"]
[EventType "swiss (blitz)"]

1. d4 {[%emt 0:00:03]} Nf6 {[%emt 0:00:02]} 2. c4 {[%emt 0:00:06]} e6 {[%emt 0:00:02]} 3. Nc3 {[%emt 0:00:06]} d5 {[%emt 0:00:07]} 4. Nf3 {[%emt 0:00:03]} dxc4 {[%emt 0:00:04]} 5. e3 {[%emt 0:00:04]} a6 {[%emt 0:00:04]} 6. a4 {[%emt 0:00:05]} c5 {[%emt 0:00:01]} 7. Bxc4 {[%emt 0:00:02]} Nc6 {[%emt 0:00:01]} 8. O-O {[%emt 0:00:02]} Be7 {[%emt 0:00:01]} 9. Qe2 {[%emt 0:00:14]} cxd4 {[%emt 0:00:01]} 10. exd4 {[%emt 0:00:01]} O-O {[%emt 0:00:08]} 11. Rd1 {[%emt 0:00:04]} Nb4 {[%emt 0:00:09]} 12. Bf4 {[%emt 0:00:06]} Bd7 {[%emt 0:00:09]} 13. Rac1 {[%emt 0:00:05]} Bc6 {[%emt 0:00:06]} 14. Ne5 {[%emt 0:00:06]} Bd5 {[%emt 0:00:09]} 15. Nxd5 {[%emt 0:00:05]} Nfxd5 {[%emt 0:00:02]} 16. Bd2 {[%emt 0:00:07]} Rc8 {[%emt 0:00:02]} 17. h3 {[%emt 0:00:10]} Bg5 {[%emt 0:00:11]} 18. Bxg5 {[%emt 0:00:08]} Qxg5 {[%emt 0:00:02]} 19. Nd7 {[%emt 0:00:01]} Rfd8 {[%emt 0:00:20]} 20. Nc5 {[%emt 0:00:04]} b6 {[%emt 0:00:07]} 21. Ne4 {[%emt 0:00:09]} Qg6 {[%emt 0:00:01]} 22. Qf3 {[%emt 0:00:10]} h6 {[%emt 0:00:14]} 23. Bb3 {[%emt 0:00:11]} a5 {[%emt 0:00:43]} 24. Rxc8 {[%emt 0:00:19]} Rxc8 {[%emt 0:00:01]} 25. Nd6 {[%emt 0:00:01]} Rd8 {[%emt 0:00:09]} 26. Nc4 {[%emt 0:00:04]} Nc6 {[%emt 0:00:23]} 27. Ne5 {[%emt 0:00:15]} Nxe5 {[%emt 0:00:01]} 28. dxe5 {[%emt 0:00:01]} Qg5 {[%emt 0:00:13]} 29. Qe4 {[%emt 0:00:09]} Nb4 {[%emt 0:00:10]} 30. Rxd8+ {[%emt 0:00:09]} Qxd8 {[%emt 0:00:00]} 31. Qe3 {[%emt 0:00:12]} Kh7 {[%emt 0:00:05]} 32. Bc4 {[%emt 0:00:05]} g6 {[%emt 0:00:02]} 33. g3 {[%emt 0:00:03]} Kg7 {[%emt 0:00:01]} 34. h4 {[%emt 0:00:07]} Qc7 {[%emt 0:00:01]} 35. b3 {[%emt 0:00:03]} Nc6 {[%emt 0:00:03]} 36. f4 {[%emt 0:00:03]} Ne7 {[%emt 0:00:01]} 37. g4 {[%emt 0:00:04]} Qd8 {[%emt 0:00:04]} 38. Kf2 {[%emt 0:00:04]} h5 {[%emt 0:00:03]} 39. f5 {[%emt 0:00:03]} exf5 {[%emt 0:00:06]} 40. gxh5 {[%emt 0:00:02]} Nc6 {[%emt 0:00:04]} 41. hxg6 {[%emt 0:00:08]} Qxh4+ {[%emt 0:00:01]} 42. Kf1 {[%emt 0:00:02]} Qh1+ {[%emt 0:00:03]} 43. Ke2 {[%emt 0:00:02]} Qg2+ {[%emt 0:00:02]} 44. Kd1 {[%emt 0:00:03]} Qxg6 {[%emt 0:00:02]} 45. Qxb6 {[%emt 0:00:04]} Qg4+ {[%emt 0:00:02]} 46. Be2 {[%emt 0:00:01]} Qd4+ {[%emt 0:00:04]} 47. Qxd4 {[%emt 0:00:00]} Nxd4 {[%emt 0:00:00]} 48. Bc4 {[%emt 0:00:00]} Nc6 {[%emt 0:00:02]} 49. e6 {[%emt 0:00:02]} fxe6 {[%emt 0:00:04]} 50. Bxe6 {[%emt 0:00:01]} Kf6 {[%emt 0:00:01]} 51. Bc4 {[%emt 0:00:01]} Ke5 {[%emt 0:00:01]} 52. Ke2 {[%emt 0:00:01]} Nd4+ {[%emt 0:00:02]} 53. Kf2 {[%emt 0:00:01]} Ke4 {[%emt 0:00:02]} 54. Bg8 {[%emt 0:00:02]} f4 {[%emt 0:00:01]} 55. Bh7+ {[%emt 0:00:01]} Kd5 {[%emt 0:00:02]} 56. Bg8+ {[%emt 0:00:00]} Ke5 {[%emt 0:00:01]} 57. Bc4 {[%emt 0:00:02]} Ke4 {[%emt 0:00:01]} 58. Bg8 {[%emt 0:00:01]} Kd3 {[%emt 0:00:01]} 59. Bf7 {[%emt 0:00:05]} Kc3 {[%emt 0:00:01]} 60. Bg8 {[%emt 0:00:02]} Kb4 {[%emt 0:00:03]} 61. Bf7 {[%emt 0:00:02]} Nxb3 {[%emt 0:00:01]} 62. Kf3 {[%emt 0:00:01]} Kxa4 {[%emt 0:00:03]} 63. Kxf4 {[%emt 0:00:02]} Ka3 {[%emt 0:00:01]} 64. Ke3 {[%emt 0:00:02]} Kb2 {[%emt 0:00:01]} 65. Be8 {[%emt 0:00:04]} Kc3 {[%emt 0:00:01]} 66. Ke2 {[%emt 0:00:02]} Kb2 {[%emt 0:00:06]} 67. Kd1 {[%emt 0:00:02]} Nc5 {[%emt 0:00:01]} 68. Kd2 {[%emt 0:00:02]} Ne4+ {[%emt 0:00:01]} 69. Kd1 {[%emt 0:00:02]} Nd6 {[%emt 0:00:00]} 70. Bd7 {[%emt 0:00:02]} Nb7 {[%emt 0:00:01]} 71. Kd2 {[%emt 0:00:01]} Nc5 {[%emt 0:00:01]} 72. Be8 {[%emt 0:00:01]} Nb3+ {[%emt 0:00:02]} 73. Kd1 {[%emt 0:00:01]} Kc3 {[%emt 0:00:01]} 74. Ba4 {[%emt 0:00:03]} Kb4 {[%emt 0:00:01]} 75. Bxb3 {[%emt 0:00:05]} Kxb3 {[%emt 0:00:00]} 76. Kc1 {[%emt 0:00:01]} Ka2 {[%emt 0:00:01]} 77. Kc2 {[%emt 0:00:01]} a4 {[%emt 0:00:00]} 78. Kc1 {[%emt 0:00:01]} a3 {[%emt 0:00:00]} 79. Kc2 {[%emt 0:00:01]} Ka1 {[%emt 0:00:01]} 80. Kc1 {[%emt 0:00:01]} a2 {[%emt 0:00:00]} 81. Kc2 {[%emt 0:00:01] (Lag: Av=1.11s, max=2.0s)} 1/2-1/2

[Event "Silkway Cup"]
[Site "T#646345FIDE"]
[Date "2020.05.28"]
[Round "11"]
[White "Diana lomaia"]
[Black "Moonlightbae"]
[Result "0-1"]
[WhiteElo "1494"]
[BlackElo "1494"]
[Annotator "NA"]
[PlyCount "48"]
[EventDate "2020.05.28"]
[EventType "swiss (blitz)"]

1. d4 {[%emt 0:00:02]} d5 {[%emt 0:00:01]} 2. c4 {[%emt 0:00:02]} e6 {[%emt 0:00:01]} 3. Nf3 {[%emt 0:00:01]} Nf6 {[%emt 0:00:04]} 4. g3 {[%emt 0:00:01]} dxc4 {[%emt 0:00:04]} 5. Bg2 {[%emt 0:00:02]} Nc6 {[%emt 0:00:01]} 6. Qa4 {[%emt 0:00:02]} Bb4+ {[%emt 0:00:02]} 7. Bd2 {[%emt 0:00:02]} Nd5 {[%emt 0:00:01]} 8. Bxb4 {[%emt 0:00:24]} Ndxb4 {[%emt 0:00:01]} 9. a3 {[%emt 0:00:02]} b5 {[%emt 0:00:30]} 10. Qd1 {[%emt 0:00:53]} Nd5 {[%emt 0:00:05]} 11. e4 {[%emt 0:00:01]} Nde7 {[%emt 0:00:05]} 12. Nc3 {[%emt 0:00:07]} a6 {[%emt 0:00:26]} 13. O-O {[%emt 0:00:32]} O-O {[%emt 0:00:01]} 14. d5 {[%emt 0:00:02]} exd5 {[%emt 0:00:14]} 15. exd5 {[%emt 0:00:01]} Na5 {[%emt 0:00:07]} 16. Ng5 {[%emt 0:00:12]} Bb7 {[%emt 0:00:30]} 17. Qh5 {[%emt 0:00:40]} h6 {[%emt 0:00:02]} 18. Nce4 {[%emt 0:00:04]} Nxd5 {[%emt 0:00:23]} 19. Rad1 {[%emt 0:00:13]} Qe7 {[%emt 0:00:05]} 20. Rxd5 {[%emt 0:00:08]} Bxd5 {[%emt 0:00:04]} 21. Re1 {[%emt 0:00:07]} hxg5 {[%emt 0:00:12]} 22. Nxg5 {[%emt 0:00:02]} Qxe1+ {[%emt 0:00:04]} 23. Bf1 {[%emt 0:00:01]} Be4 {[%emt 0:00:11]} 24. Qh4 {[%emt 0:00:01]} Bg6 {[%emt 0:00:05] Diana lomaia resigns (Lag: Av=0.78s, max=1.8s)} 0-1

[Event "Silkway Cup"]
[Site "T#646345FIDE"]
[Date "2020.05.28"]
[Round "12"]
[White "GGuseinov"]
[Black "Chepaschess"]
[Result "1/2-1/2"]
[WhiteElo "2874"]
[BlackElo "2146"]
[Annotator "TA RC"]
[PlyCount "158"]
[EventDate "2020.05.28"]
[EventType "swiss (blitz)"]

{[%evp 14,158,29,27,20,19,45,25,35,3,8,-39,12,0,12,12,12,13,15,8,12,8,17,0,0,0,0,0,3,2,10,12,8,2,19,7,13,12,54,0,66,66,70,50,51,50,50,50,50,50,50,50,50,50,50,50,66,54,54,46,80,54,88,0,46,46,46,46,60,47,59,59,88,46,46,46,88,46,80,80,80,80,80,0,0,0,0,0,0,0,0,0,80,35,35,35,80,49,49,8,80,8,80,80,80,80,80,80,88,8,88,88,88,88,88,88,88,88,88,88,88,88,88,88,88,61,80,61,88,0,0,0,0,0,0,0,0,0,0,0,0,0,0,0,0,0,0]} 1. e4 c6 2. d4 d5 3. Nd2 dxe4 4. Nxe4 Nf6 5. Nxf6+ exf6 6. c3 Bd6 7. Bd3 O-O 8. Qc2 Re8+ {B15: Caro-Kann: 3 Nc3: 3...g6 and 3...dxe4 4 Nxe4 Nf6 5 Nxf6+ exf6.} 9. Ne2 h5 10. Be3 {10.0-0 gains popularity.} Nd7 {[#] White has an edge.} 11. Qd2 $146 ({Predecessor:} 11. O-O Qc7 12. h3 Nf8 13. Qd2 Ng6 14. Rfe1 Be6 15. c4 Rad8 16. b3 a5 17. c5 {0-1 (42) So,W (2767)-Vachier Lagrave,M (2774) chess.com INT 2019}) 11... Nf8 12. Bf4 Be6 ({Black should try} 12... Bxf4 $15 13. Qxf4 Ng6) 13. O-O $11 h4 14. Bxd6 Qxd6 15. Qf4 Qxf4 16. Nxf4 g6 17. f3 Rad8 18. b4 Kg7 19. Kf2 f5 20. a4 Bc8 21. Rfe1 Ne6 22. Nxe6+ Bxe6 23. Re5 Bd7 24. Rae1 Rxe5 25. Rxe5 {[%mdl 4096] Endgame KRB-KRB} Re8 26. f4 (26. Rxe8 $14 Bxe8 27. Ke3) 26... f6 (26... Rxe5 $1 $11 27. dxe5 (27. fxe5 f6 $11) 27... f6) 27. Rxe8 $14 Bxe8 {KB-KB} 28. Bc4 Kf8 29. Ke3 Ke7 30. a5 b6 31. axb6 axb6 32. g3 hxg3 33. hxg3 Kd6 34. Bg8 c5 35. bxc5+ bxc5 36. c4 g5 37. Kd3 Bc6 38. Ke3 (38. d5 $16 Bd7 39. Bf7) 38... Bd7 39. Bd5 Be8 40. Kd3 Bd7 41. Bb7 Be8 42. Bc8 Bg6 43. Kc3 Kc7 44. Be6 Kd6 45. Bg8 Be8 46. d5 Bh5 47. Be6 Bg4 48. Kb3 Bd1+ 49. Ka3 Be2 50. Kb3 Bd1+ $1 51. Kb2 Be2 52. Kc3 Bg4 53. Bc8 Kc7 54. Ba6 Kd6 55. Bb5 Bd1 56. Kb2 Be2 (56... Ke7 $11) 57. Ka3 ({Better is} 57. Kc2 $16) 57... Bd1 (57... Kc7 $11) 58. Ba4 $1 $16 {[%cal Ra4d1]} Be2 {[#]} 59. Bb3 $1 Kc7 60. Ba2 Bd3 61. Ka4 (61. Kb3 $16) 61... Kb6 {[#]} (61... Bc2+ $1 $11 62. Ka3 Be4) 62. Kb3 $1 Kc7 63. Kc3 Be4 64. Bb3 Bf3 65. Bc2 Bg4 66. Bd3 Kd6 67. Kb3 Kc7 68. Ka4 Kb6 69. Bf1 Bd1+ 70. Ka3 Bg4 71. Bg2 (71. Bd3 $16) 71... Be2 $11 {The position is equal.} 72. Kb3 Bd1+ 73. Kb2 Be2 $1 74. Kc3 Kc7 75. Kb3 g4 76. Kc3 Kd6 77. Kb3 Kc7 78. Kc3 Kd6 79. Kb3 Kc7 {Accuracy: White = 76%, Black = 76%.} 1/2-1/2

[Event "Silkway Cup"]
[Site "T#646345FIDE"]
[Date "2020.05.28"]
[Round "12"]
[White "Eltaj Safarli"]
[Black "Kranke07"]
[Result "1/2-1/2"]
[WhiteElo "2666"]
[BlackElo "2091"]
[Annotator "NA"]
[PlyCount "99"]
[EventDate "2020.05.28"]
[EventType "swiss (blitz)"]

1. e4 {[%emt 0:00:02]} Nf6 {[%emt 0:00:02]} 2. Nc3 {[%emt 0:00:02]} d5 {[%emt 0:00:05]} 3. exd5 {[%emt 0:00:00]} Nxd5 {[%emt 0:00:02]} 4. d4 {[%emt 0:00:01]} g6 {[%emt 0:00:05]} 5. Nf3 {[%emt 0:00:01]} Bg7 {[%emt 0:00:01]} 6. Be2 {[%emt 0:00:16]} O-O {[%emt 0:00:01]} 7. O-O {[%emt 0:00:01]} c5 {[%emt 0:00:24]} 8. Nxd5 {[%emt 0:00:24]} Qxd5 {[%emt 0:00:00]} 9. dxc5 {[%emt 0:00:06]} Qxc5 {[%emt 0:00:01]} 10. Be3 {[%emt 0:00:01]} Qc7 {[%emt 0:00:02]} 11. c3 {[%emt 0:00:03]} Nc6 {[%emt 0:00:06] Kranke07 offers a draw} 12. Qc1 {[%emt 0:00:10]} Bf5 {[%emt 0:00:04]} 13. Bh6 {[%emt 0:00:05]} Rfd8 {[%emt 0:00:03]} 14. Qe3 {[%emt 0:00:04]} Qb6 {[%emt 0:00:51]} 15. Qxb6 {[%emt 0:00:07]} axb6 {[%emt 0:00:01]} 16. Bxg7 {[%emt 0:00:00]} Kxg7 {[%emt 0:00:01]} 17. a3 {[%emt 0:00:09]} e5 {[%emt 0:00:04]} 18. Rad1 {[%emt 0:00:08]} f6 {[%emt 0:00:01]} 19. Rxd8 {[%emt 0:00:17]} Rxd8 {[%emt 0:00:00]} 20. Rd1 {[%emt 0:00:01]} Rxd1+ {[%emt 0:00:09]} 21. Bxd1 {[%emt 0:00:00]} Be6 {[%emt 0:00:01]} 22. Nd2 {[%emt 0:00:03]} Kf7 {[%emt 0:00:03]} 23. Be2 {[%emt 0:00:09]} Ke7 {[%emt 0:00:06]} 24. Nc4 {[%emt 0:00:04]} Bxc4 {[%emt 0:00:05]} 25. Bxc4 {[%emt 0:00:00]} f5 {[%emt 0:00:03]} 26. f3 {[%emt 0:00:06]} h6 {[%emt 0:00:06]} 27. Kf2 {[%emt 0:00:02]} Kd6 {[%emt 0:00:02]} 28. Ke3 {[%emt 0:00:03]} Ne7 {[%emt 0:00:02]} 29. Bf7 {[%emt 0:00:11]} g5 {[%emt 0:00:01]} 30. g4 {[%emt 0:00:14]} b5 {[%emt 0:00:53]} 31. h3 {[%emt 0:00:31]} b6 {[%emt 0:00:05]} 32. c4 {[%emt 0:00:11]} bxc4 {[%emt 0:00:05]} 33. Bxc4 {[%emt 0:00:00]} f4+ {[%emt 0:00:21]} 34. Ke4 {[%emt 0:00:05]} Nc6 {[%emt 0:00:01]} 35. b4 {[%emt 0:00:08]} Nd4 {[%emt 0:00:01]} 36. a4 {[%emt 0:00:02]} Nc6 {[%emt 0:00:08]} 37. a5 {[%emt 0:00:06]} bxa5 {[%emt 0:00:01]} 38. bxa5 {[%emt 0:00:00]} Nxa5 {[%emt 0:00:05]} 39. Bd5 {[%emt 0:00:01]} Kc5 {[%emt 0:00:00]} 40. Kxe5 {[%emt 0:00:02]} Nc4+ {[%emt 0:00:01]} 41. Ke6 {[%emt 0:00:20]} Nd2 {[%emt 0:00:02]} 42. Ke5 {[%emt 0:00:02]} Kb4 {[%emt 0:00:05]} 43. Kd4 {[%emt 0:00:02]} Nf1 {[%emt 0:00:02]} 44. Bc4 {[%emt 0:00:04]} Ne3 {[%emt 0:00:01]} 45. Be2 {[%emt 0:00:03]} Kb3 {[%emt 0:00:01]} 46. Kd3 {[%emt 0:00:01]} Kb2 {[%emt 0:00:01]} 47. Kd2 {[%emt 0:00:00]} Kb3 {[%emt 0:00:01]} 48. Kd3 {[%emt 0:00:01]} Kb2 {[%emt 0:00:00]} 49. Kd2 {[%emt 0:00:01]} Kb3 {[%emt 0:00:06]} 50. Kd3 {[%emt 0:00:01] (Lag: Av=0.38s, max=1.0s)} 1/2-1/2

[Event "Silkway Cup"]
[Site "T#646345FIDE"]
[Date "2020.05.28"]
[Round "12"]
[White "Kutiktau"]
[Black "Durarbeyli Vasif"]
[Result "1-0"]
[WhiteElo "2655"]
[BlackElo "2697"]
[Annotator "TA"]
[PlyCount "127"]
[EventDate "2020.05.28"]
[EventType "swiss (blitz)"]

{[%evp 19,127,22,28,27,28,8,3,22,19,24,29,0,0,0,0,4,19,0,0,0,33,27,25,14,0,-25,-17,-29,-24,-99,-92,-88,-103,-106,-65,-69,-54,-61,-49,-47,-62,-63,-60,-60,-21,-25,0,0,0,-10,27,27,72,62,62,20,33,33,95,14,79,79,89,89,93,93,111,73,73,73,246,164,197,176,195,201,184,36,36,0,0,0,8,8,8,8,272,272,588,570,584,65,29970,29970,29970,29972,29972,29973,29972,29973,29972,29974,29973,29974,29974,29975,29975,29975,29980,29983]} 1. Nf3 c5 2. c4 Nc6 3. Nc3 g6 4. e3 Nf6 5. d4 cxd4 6. exd4 d5 7. cxd5 Nxd5 8. Qb3 Nxc3 9. Bc4 e6 10. bxc3 Bd7 {[#] ...Na5 is the strong threat. is now more promising than 10...Bg7.} 11. Bd3 {A35: Symmetrical English: 2 Nc3 Nc6 3 Nf3.} ({Avoid the trap} 11. Qxb7 $2 Rb8 $19) 11... Na5 12. Qd1 Rc8 13. O-O {The position is equal.} Bg7 14. Ba3 Bf8 15. Bxf8 Kxf8 {[#]} 16. Ne5 $146 ({Predecessor:} 16. Rc1 Kg7 17. Qe2 Qf6 18. Ne5 Bc6 19. f4 h5 20. c4 Rcd8 21. Qe3 b6 22. Rf2 {1-0 (31) Djurhuus,R (2315)-Berg,K (2370) Copenhagen 1988}) 16... Kg7 17. Rc1 Bc6 18. Re1 Qg5 {[%csl Gc6][%cal Rg5g2]} 19. g3 h5 20. h4 Qf6 21. Qd2 Rhd8 22. Qe3 b6 23. Bf1 Ba8 24. Bh3 (24. Bb5 $11 {remains equal.}) 24... Nc4 $17 25. Nxc4 Rxc4 26. Bf1 Rc7 27. Red1 Rcd7 28. Be2 Bd5 29. a3 Bc6 30. Ra1 Qf5 31. a4 Qd5 {[%csl Gc6][%cal Rd5h1]} 32. f3 Qd6 33. Kf2 Qc7 34. c4 Qd6 35. a5 Qe7 36. axb6 axb6 37. Rab1 Rb7 38. Qe5+ Qf6 ({Better is} 38... Kg8 $14) 39. Ke3 ({White should try} 39. Qxf6+ $16 Kxf6 40. Rd2) 39... Qxe5+ (39... b5 $1 $11) 40. dxe5 $16 Rxd1 41. Rxd1 $11 {[%mdl 4096] Endgame KRB-KRB} Kf8 42. Rd6 Rc7 43. g4 hxg4 44. fxg4 Ke7 $2 (44... Kg7 $16 {was necessary.}) 45. Kf4 f6 46. g5 f5 47. h5 gxh5 48. Bxh5 (48. g6 $18) 48... Be8 $1 $14 {[%cal Re8h5]} 49. Bxe8 {Threatens to win with Bc6.} Rxc4+ 50. Kf3 {aiming for Bd7.} Kxe8 51. Rxe6+ $11 {KR-KR} Kf7 52. Rf6+ Kg7 $2 {[%mdl 8192]} (52... Ke7 $11 {and Black stays safe.}) 53. Rxf5 $18 ({Weaker is} 53. Rxb6 Re4 $16) 53... Kg6 $2 (53... b5 {is a better chance.} 54. e6 b4) 54. Rf4 Rc5 {[#]} 55. Ke4 $2 (55. e6 $1 $18 {And now Ke4 would win.} Rc8 56. Kg4) 55... Kxg5 $2 {[%mdl 8192]} (55... Rc4+ $14 56. Kf3 Rc1) 56. Rf1 {White mates.} Kg6 57. e6 Rc2 58. Kd5 b5 59. e7 Re2 60. Kd6 Rd2+ 61. Ke6 Re2+ 62. Kd7 Rd2+ 63. Ke8 Re2 64. Kf8 {Accuracy: White = 70%, Black = 61%.} 1-0